Capitales (de Países) con Nombres Compuestos - Estadísticas

Estadísticas generales
  • Esta prueba ha sido intentada 49 veces
  • La puntuación promedio es 15 de 30
Estadísticas de respuestas
Continente Capital % Correcto
América del Norte Ciudad de México
76%
América del Norte San José
76%
América del Sur Buenos Aires
74%
América del Norte Puerto Príncipe
68%
Europa Ciudad del Vaticano
63%
América del Norte San Salvador
63%
América del Norte Santo Domingo
63%
Europa Andorra la Vieja
61%
América del Norte Puerto España
61%
América del Norte Ciudad de Panamá
58%
Europa San Marino
58%
América del Norte Ciudad de Guatemala
55%
África Ciudad del Cabo
55%
Asia Kuala Lumpur
55%
América del Norte Saint John
53%
Asia Ulán Bator
53%
África Adís Abeba
50%
Asia Abu Dabi
47%
Asia Nueva Delhi
47%
América del Norte Washington D.C.
47%
Asia Bandar Seri Begawan
45%
América del Norte Santo Tomé
42%
América del Sur Santiago de Chile
39%
Asia Nom Pen
37%
Oceanía Port Vila
34%
Asia Sri Jayawardenapura Kotte
34%
África Porto Novo
32%
Oceanía Puerto Moresby
24%
África Port Louis
21%
América del Norte Saint Goerge
8%
No se encontraron pruebas coincidentes
Distribución de puntuación
Porcentaje de gente con cada puntuación
Porcentaje por número respondido
Historial de tus puntuaciones
No has intentado esta prueba.